Gemmological instruments: Their use and principles of operation (Record no. 31293)

MARC details
000 -LEADER
fixed length control field 00317nam a2200109Ia 4500
082 ## - DEWEY DECIMAL CLASSIFICATION NUMBER
Classification number 549.091
Item number REA
100 ## - MAIN ENTRY--AUTHOR NAME
Personal name Read, Peter G
245 #0 - TITLE STATEMENT
Title Gemmological instruments: Their use and principles of operation
260 ## - PUBLICATION, DISTRIBUTION, ETC. (IMPRINT)
Place of publication London
Name of publisher Newness-Butterworths
Year of publication 1978
942 ## - ADDED ENTRY ELEMENTS (KOHA)
Koha item type Books
Holdings
Withdrawn status Lost status Damaged status Not for loan Home library Current library Date acquired Cost, normal purchase price Full call number Accession Number Koha item type
        RRII Library RRII Library 16/12/2021 8.50 549.091 REA 11842 Books